• 首页
  • 本馆介绍
  • 公告通知
  • 最新文献
  • 馆藏检索
  • 电子资源
  • 读者导购
  • 参考咨询
  • 我的图书馆
  • 登录
  • 详细信息显示
  • 放入我的书架
  • 预约/预借图书
  • 作者相关作品
  • 分类相关作品
  • 丛书相关作品
  • 出版社相关作品

书目信息

  • 表格格式
  • 工作单格式
  • 卡片格式
题名:
战略威慑
    
 
作者: 宁凌 , 张怀璧 , 赵宗谦 编著
分册:  
出版信息: 北京   军事谊文出版社  2006
页数: 256页
开本: 20cm
丛书名: 新理念战争丛书
单 册:
中图分类: E817
科图分类:
主题词: 战略学--军事
电子资源:
ISBN: 7-80150-519-0
000 01102nam0 2200337 450
000 01065nam0 2200325 450
000 01375nam0 2200349 450
000 01321nam0 2200325 450
000 01339nam0 2200313 450
000 01302nam0 2200301 45
001 0195145362
005 20061210145018.82
010    @a7-80150-519-0@dCNY17.00
100    @a20060829d ekmy0chiy0110 ea
101 0  @achi
102    @aCN@b110000
105    @aa z 000yy
200 1  @a战略威慑@Azhan lue wei she@f宁凌,张怀璧,赵宗谦编著@FNing Ling, Zhang Huai Bi, Zhao Zong Qian Bian Zhu
210    @a北京@c军事谊文出版社@d2006
215    @a256页@c图@d20cm
225 2  @a新理念战争丛书@AXin Li Nian Zhan Zheng Cong Shu
410  0 @12001 @a新理念战争丛书
606 0  @a战略学@x军事
690    @aE817@v3
701  0 @a宁凌@Aning ling@4编著
701  0 @a张怀璧@Azhang huai bi@4编著
701  0 @a赵宗谦@Azhao zong qian@4编著
801  2 @aCN@b中图数据@c20061210
905    @a10447@dE817@e28
    
    战略威慑/宁凌,张怀璧,赵宗谦编著.-北京:军事谊文出版社,2006
    256页:图;20cm.-(新理念战争丛书)
    
    
    ISBN 7-80150-519-0:CNY17.00
    
●
相关链接 在E读中查询图书 在五车中查询图书 在当当中查询图书 在豆瓣中查询图书


正题名:战略威慑     索取号:E817/28         预约/预借

序号 登录号 条形码 馆藏地/架位号 状态 备注
1 0607237   206072373   第一样本阅览室/ [索取号:E817/28] 在馆    
2 0607238   206072382   第一借阅区/ [索取号:E817/28] 在馆    
3 0607239   206072391   第一借阅区/ [索取号:E817/28] 在馆    
4 0607240   206072408   第一借阅区/ [索取号:E817/28] 在馆    
5 0607241   206072417   第一借阅区/ [索取号:E817/28] 在馆    
唐山师范学院图书馆 欢迎您!
大连网信软件有限公司© 版权所有